Las enseñanzas de Sandino /

Gardado en:
Detalles Bibliográficos
Autor Principal: Leónov, Nikolai
Formato: Texto
Etiquetas: Engadir etiqueta
Sen Etiquetas, Sexa o primeiro en etiquetar este rexistro!

MARC

LEADER 00000 a a2200000 04500
001 669
003
040
100 |a Leónov, Nikolai  
245 |a Las enseñanzas de Sandino /  |c Nikolai Leónov  
773 |g número 7; páginas 15-24  
999 |c 20828  |d 20828